La Liga Winning Teams, Managers, Captains and Top Scorers - Statistics

General Stats
  • This quiz has been taken 2,363 times
    328 since last reset
  • The average score is 100 of 144
Answer Stats
Year Team % Correct
1990-91 | 1991-92 | 1992-93 | +15 others Barcelona
98%
1989-90 | 1994-95 | 1996-97 | +9 others Real Madrid
98%
1995-96 | 2013-14 | 2020-21 Atletico Madrid
96%
🇮🇹 Carlo Ancelotti
96%
🇩🇪 Hansi Flick
96%
🇪🇸 Xavi
96%
🇫🇷 Zinedine Zidane
95%
🇦🇷 Lionel Messi
94%
🇵🇹 Cristiano Ronaldo
93%
🇧🇷 Ronaldo
92%
🇦🇷 Diego Simeone
91%
2001-02 | 2003-04 Valencia
91%
🇪🇸 Pep Guardiola
90%
🇵🇱 Robert Lewandowski
90%
🇪🇸 Luis Enrique
88%
🇪🇸 Sergio Ramos
88%
🇪🇸 Josep Guardiola
86%
🇺🇾 Luis Suarez
86%
🇪🇸 Andrés Iniesta
84%
🇵🇹 José Mourinho
84%
🇫🇷 Karim Benzema
83%
🇩🇪 Marc-André ter Stegen
83%
🇫🇷 Kylian Mbappé
82%
🇪🇸 Carles Puyol
81%
1999-00 Deportivo La Coruña
81%
🇪🇸 Raúl
72%
🇪🇸 Ernesto Valverde
71%
🇧🇷 Marcelo
70%
🇨🇲 Samuel Eto'o
68%
🇺🇾 Diego Forlan
66%
🇨🇲🇺🇾 Eto'o & Forlan
66%
🇪🇸 Koke
66%
🇺🇦 Artem Dovbyk
65%
🇳🇱 Frank Rijkaard
65%
🇪🇸 Iker Casillas
64%
🇪🇸 Sergio Busquets
63%
🇳🇱 Johan Cruyff
62%
🇳🇱 Ruud van Nistelrooy
62%
🇪🇸 Vicente del Bosque
56%
🇲🇽 Hugo Sánchez
50%
🇪🇸 Fernando Hierro
48%
🇪🇸 Tito Vilanova
48%
🇮🇹 Fabio Capello
47%
🇪🇸 Gabi
47%
🇧🇷 Romário
43%
🇪🇸 Nacho Fernández
42%
🇳🇱 Louis van Gaal
41%
🇪🇸 Rafael Benítez
37%
🇳🇱 Roy Makaay
37%
🇩🇪 Bernd Schuster
27%
🇪🇸 Emilio Butragueño
25%
🇪🇸 Daniel Güiza
22%
🇮🇹 Christian Vieri
21%
🇨🇱 Iván Zamorano
20%
🇪🇸 Santiago Cañizares
17%
🇧🇷 Bebeto
16%
🇪🇸 Diego Tristán
16%
🇪🇸 Manolo Sanchís
13%
🇪🇸 Andoni Zubizarreta
12%
🇦🇷 Jorge Valdano
12%
🇷🇸 Radomir Antić
12%
🇪🇸 David Albelda
11%
🇪🇸 Javier Irureta
9%
🏴󠁧󠁢󠁷󠁬󠁳󠁿 John Toshack
7%
🇪🇸 José Mari Bakero
7%
🇪🇸 Salva Ballesta
6%
🇪🇸 Juan Antonio Pizzi
4%
🇪🇸 Manolo
4%
🇪🇸 Manuel Pablo
4%
🇪🇸 Chendo
3%
🇪🇸 José Ramón Alexanko
1%
🇪🇸 Roberto Solozábal
0%
No matching quizzes found
Score Distribution
Percent of People with Each Score
Percentile by Number Answered
Your Score History
You have not taken this quiz since the last reset